| 000 | 01171nam a2200421 a 4500 | ||
|---|---|---|---|
| 003 | AR-BaBNM | ||
| 005 | 20251128204904.0 | ||
| 008 | 082120s2002 ||||||||||||||000 | spa|| | ||
| 020 | _a84-85855-70-1 | ||
| 040 | _cAR-BaBNM | ||
| 100 | 1 | _aVarian, Hal R. | |
| 245 | 0 | 0 |
_aMicroeconomía intermedia _bun enfoque moderno |
| 250 | _a3ª ed. | ||
| 260 |
_aBarcelona _bAntoni Bosch _c1994 |
||
| 300 |
_axxiii, 688 p. _bgráfs., tablas |
||
| 500 | _aContiene índice analítico en p. 683 | ||
| 650 | 4 | _aECONOMIA DE MERCADO | |
| 650 | 4 | _aPRECIOS | |
| 650 | 4 | _aIMPUESTO AL CONSUMO | |
| 650 | 4 | _aCONSUMIDORES | |
| 650 | 4 | _aCONTABILIDAD | |
| 650 | 4 | _aECONOMIA DEL TRABAJO | |
| 650 | 4 | _aADMINISTRACION DE EMPRESAS | |
| 650 | 4 | _aAUDITORIA | |
| 650 | 4 | _aCONTABILIDAD DE COSTOS | |
| 650 | 4 | _aCOSTOS | |
| 650 | 4 | _aMODELOS ECONOMICOS | |
| 650 | 4 | _aGASTOS | |
| 650 | 4 | _aIMPUESTOS | |
| 650 | 4 | _aECONOMIA DE LA EMPRESA | |
| 650 | 4 | _aMONOPOLIOS | |
| 650 | 4 | _aPLANIFICACION Y ADMINISTRACION ECONOMICA | |
| 700 | 1 |
_aRabasco, Esther _etraductor |
|
| 700 | 1 |
_aToharia, Luis _etraductor |
|
| 700 | 1 |
_aArbor, Ann _eprologuista |
|
| 942 | _cBK | ||
| 998 | _cMariana | ||
| 999 |
_c9211 _d9211 |
||